00457nam a2200133 a 450000500170000000800410001702000180005805000260007610000190010224500820012126000420020330000190024565000590026420140412111259.0010131s19uu xx 00 eng d a971-121-028-2 aFil 591.59bA454 1983 aAlonzo, Robert aSino ako? hulaan ang tunog /cRobert Alonzo: illustrated by Albert E. Gamosm. aQuezon City MM :bAkla adarna,c1980. a1 v. (unpaged) aAnimal communicationxRidlesxI. Gamos, Albert E.,ill.